[Event "Unterfranken-ch HA 43th"]
[Site "Sailauf"]
[Date "1992.??.??"]
[Round "2"]
[White "Duemig, Marcus"]
[Black "Von Koch, Hans"]
[Result "1-0"]
[WhiteElo "1576"]
[BlackElo "1673"]
[PlyCount "57"]
[EventDate "1992.04.20"]
[EventType "swiss"]
[EventRounds "9"]
[EventCountry "GER"]
[SourceTitle "EXT 2015"]
[Source "ChessBase"]
[SourceDate "2014.11.20"]
[SourceVersion "1"]
[SourceVersionDate "2014.11.20"]
[SourceQuality "1"]

1. d4 d5 2. c4 e6 3. Nc3 Nf6 4. Bg5 Be7 5. Nf3 Nbd7 6. e3 c6 7. cxd5 Nxd5 8. Bxe7 Qxe7 9. Bd3 0-0 10. 0-0 b6 11. Nxd5 exd5 12. Rc1 c5 13. dxc5 bxc5 14. b3 Bb7 15. Rc3 Rac8 16. Qc2 g6 17. Bb5 Rfd8 18. Rc1 d4 19. exd4 Bxf3 20. gxf3 Qg5+ 21. Kh1 Nf8 22. Rxc5 Rxc5 23. dxc5 Rd2 24. Qe4 Rxf2 25. Rg1 Qd2 26. Qe5 Qxa2 27. Bc4 Rxf3 28. c6 Rf5 29. Qxf5 1-0

[Event "Unterfranken-ch HA 43th"]
[Site "Sailauf"]
[Date "1992.??.??"]
[Round "8"]
[White "Vollmert, Andreas"]
[Black "Von Koch, Hans"]
[Result "1/2-1/2"]
[WhiteElo "1588"]
[BlackElo "1673"]
[PlyCount "57"]
[EventDate "1992.04.20"]
[EventType "swiss"]
[EventRounds "9"]
[EventCountry "GER"]
[SourceTitle "EXT 2015"]
[Source "ChessBase"]
[SourceDate "2014.11.20"]
[SourceVersion "1"]
[SourceVersionDate "2014.11.20"]
[SourceQuality "1"]

1. d4 Nf6 2. c4 g6 3. Nc3 Bg7 4. e4 d6 5. f4 0-0 6. Nf3 e5 7. fxe5 dxe5 8. d5 Ne8 9. Be2 f5 10. Bg5 Nf6 11. 0-0 c5 12. Nxe5 Qe8 13. Bxf6 Bxf6 14. Nd3 Bxc3 15. bxc3 Qxe4 16. Nf2 Qe5 17. Qd2 Qd6 18. Rfe1 Nd7 19. Nd3 b6 20. Bf1 Nf6 21. Nf2 Ng4 22. Nxg4 fxg4 23. Qg5 Bd7 24. Qe7 Rf6 25. Qxd6 Rxd6 26. Bd3 h5 27. Re5 Kg7 28. Rae1 Kf6 29. Kf2 1/2-1/2

[Event "Unterfranken-ch HA 43th"]
[Site "Sailauf"]
[Date "1992.??.??"]
[Round "7"]
[White "Von Koch, Hans"]
[Black "Steiner, Herbert"]
[Result "1-0"]
[WhiteElo "1673"]
[BlackElo "1495"]
[PlyCount "79"]
[EventDate "1992.04.20"]
[EventType "swiss"]
[EventRounds "9"]
[EventCountry "GER"]
[SourceTitle "EXT 2015"]
[Source "ChessBase"]
[SourceDate "2014.11.20"]
[SourceVersion "1"]
[SourceVersionDate "2014.11.20"]
[SourceQuality "1"]

1. d4 Nf6 2. c4 g6 3. Nc3 Bg7 4. e4 d6 5. Nf3 0-0 6. Be2 c5 7. d5 b5 8. cxb5 a6 9. 0-0 axb5 10. Bxb5 Qa5 11. Nd2 Ba6 12. Bxa6 Nxa6 13. Nc4 Qb4 14. Qd3 Rfb8 15. e5 dxe5 16. Nxe5 Ne8 17. Nc6 c4 18. Qe2 Qb7 19. Nxb8 Qxb8 20. Qxc4 Nd6 21. Qe2 Nf5 22. Be3 Qb4 23. Rfc1 Nb8 24. Rc2 Nd7 25. Rac1 Ne5 26. a3 Qh4 27. g3 Qh3 28. Ne4 Bh6 29. Rc8+ Rxc8 30. Rxc8+ Kg7 31. Bxh6+ Nxh6 32. Rc2 f6 33. Ng5 Qf5 34. Ne6+ Kf7 35. Nd4 Qh3 36. f3 Qd7 37. f4 Neg4 38. Qe6+ Qxe6 39. dxe6+ Kg7 40. Rc7 1-0